| 000 | 00413cam a2200145ua 4500 | ||
|---|---|---|---|
| 041 |
_aeng _h |
||
| 082 |
_a631.3 _bALA/DE |
||
| 100 | _aAlan, A . | ||
| 245 |
_aDevelopment and evaluation of processing equipment / _cAlan A. _hTextual Documents |
||
| 260 |
_aBhopal : _bCentral Institute of Agricultural Engineering , _c1980. |
||
| 300 | _a68 ; . | ||
| 500 | _aReference ** | ||
| 942 | _cBK | ||
| 999 |
_c10087 _d10087 |
||